[Event "UKR-ch U12"]
[Site "Lvov"]
[Date "2019.03.27"]
[Round "9"]
[White "Dehtiarov, Roman"]
[Black "Herus, Yaroslav"]
[Result "1/2-1/2"]
[WhiteElo "1652"]
[BlackElo "1375"]
[PlyCount "93"]
[EventDate "2019.03.19"]
[EventType "tourn"]
[EventRounds "11"]
[EventCountry "UKR"]
[SourceTitle "CBM 190 Extra"]
[Source "ChessBase"]
[SourceDate "2019.07.15"]
[SourceVersion "1"]
[SourceVersionDate "2019.07.15"]
[SourceQuality "1"]

1. d4 d5 2. Nf3 Nf6 3. e3 Bf5 4. Bd3 Bxd3 5. Qxd3 c6 6. 0-0 e6 7. b3 Bd6 8. Nbd2 0-0 9. Bb2 Nbd7 10. Ne5 Ne8 11. f4 f5 12. c4 Nef6 13. c5 Be7 14. b4 a6 15. a4 Nxe5 16. fxe5 Ne4 17. Nb3 h5 18. b5 axb5 19. axb5 Qc7 20. b6 Qd7 21. Na5 Rab8 22. Ra2 Qe8 23. Nb3 Qg6 24. Ra7 h4 25. Na5 h3 26. Qe2 Bg5 27. Bc1 Rf7 28. Nb3 Qh6 29. Rf3 hxg2 30. Qxg2 g6 31. Rh3 Qg7 32. Nd2 Nxd2 33. Bxd2 Bd8 34. Kf2 g5 35. Ra1 g4 36. Rg3 Bh4 37. Rg1 Bxg3+ 38. Qxg3 Qh6 39. Ra1 Rh7 40. Kg1 Qh3 41. Be1 Qxg3+ 42. Bxg3 Kf7 43. Ra7 Ke8 44. Kg2 Kf7 45. Bf4 Rh5 46. Ra1 Rhh8 47. Ra7 1/2-1/2

[Event "UKR-ch U12"]
[Site "Lvov"]
[Date "2019.03.26"]
[Round "8"]
[White "Herus, Yaroslav"]
[Black "Sidletskiy, Ivan"]
[Result "0-1"]
[WhiteElo "1375"]
[BlackElo "1845"]
[PlyCount "86"]
[EventDate "2019.03.19"]
[EventType "tourn"]
[EventRounds "11"]
[EventCountry "UKR"]
[SourceTitle "CBM 190 Extra"]
[Source "ChessBase"]
[SourceDate "2019.07.15"]
[SourceVersion "1"]
[SourceVersionDate "2019.07.15"]
[SourceQuality "1"]

1. d4 Nf6 2. c4 g6 3. Nc3 Bg7 4. e4 d6 5. f3 0-0 6. Be3 Nc6 7. Qd2 a6 8. Nge2 Rb8 9. Nc1 e5 10. Nb3 exd4 11. Nxd4 Ne5 12. Be2 c6 13. 0-0 Qc7 14. Rac1 Rd8 15. Rfd1 Be6 16. b3 c5 17. Nc2 Qa5 18. a4 Ne8 19. Nd5 Qxd2 20. Rxd2 Bxd5 21. Rxd5 Nc7 22. Rd2 Bf6 23. Rcd1 Be7 24. f4 Nc6 25. Na3 Re8 26. Bf3 Bf8 27. Nb1 Na5 28. Rd3 b5 29. cxb5 axb5 30. Bd2 Nc6 31. Bc3 bxa4 32. bxa4 Ne6 33. Nd2 Nxf4 34. Re3 d5 35. Ba1 d4 36. Ree1 Nd3 37. Re2 Nde5 38. Nf1 c4 39. Kh1 Bc5 40. Rc2 d3 41. Rcc1 Bd4 42. Bxd4 Nxd4 43. Nd2 Rec8 0-1

[Event "UKR-ch U12"]
[Site "Lvov"]
[Date "2019.03.23"]
[Round "5"]
[White "Petrovskiy, Vadim1111"]
[Black "Herus, Yaroslav"]
[Result "1-0"]
[WhiteElo "1974"]
[BlackElo "1375"]
[PlyCount "47"]
[EventDate "2019.03.19"]
[EventType "tourn"]
[EventRounds "11"]
[EventCountry "UKR"]
[SourceTitle "CBM 190 Extra"]
[Source "ChessBase"]
[SourceDate "2019.07.15"]
[SourceVersion "1"]
[SourceVersionDate "2019.07.15"]
[SourceQuality "1"]

1. e4 e6 2. d4 d5 3. Nc3 dxe4 4. Nxe4 Bd7 5. c3 Bc6 6. Ng3 Be7 7. Nf3 Nd7 8. Bd3 Ngf6 9. Bf4 0-0 10. Qe2 b6 11. Ne5 Bb7 12. 0-0-0 a6 13. Rhg1 b5 14. Nxd7 Qxd7 15. Be5 b4 16. c4 Qa4 17. b3 Qd7 18. Bc2 a5 19. Nh5 Qd8 20. Nxg7 Kxg7 21. Qg4+ Kh8 22. Qh4 Kg8 23. Bxf6 Bxf6 24. Qxh7# 1-0

[Event "UKR-ch U12"]
[Site "Lvov"]
[Date "2019.03.20"]
[Round "2"]
[White "Herus, Yaroslav"]
[Black "Nahornyi, Ihor"]
[Result "0-1"]
[WhiteElo "1375"]
[BlackElo "1940"]
[PlyCount "68"]
[EventDate "2019.03.19"]
[EventType "tourn"]
[EventRounds "11"]
[EventCountry "UKR"]
[SourceTitle "CBM 190 Extra"]
[Source "ChessBase"]
[SourceDate "2019.07.15"]
[SourceVersion "1"]
[SourceVersionDate "2019.07.15"]
[SourceQuality "1"]

1. d4 Nf6 2. c4 e6 3. Nf3 b6 4. g3 Ba6 5. Qc2 c5 6. Bg2 Nc6 7. e3 Rc8 8. b3 cxd4 9. Nxd4 Nxd4 10. exd4 d5 11. 0-0 dxc4 12. Rd1 Be7 13. b4 Qd7 14. a3 0-0 15. Nc3 Bb7 16. f3 Nd5 17. Nxd5 Bxd5 18. Qc3 Bf6 19. Be3 Qc6 20. Bf2 h5 21. Ra2 Rfd8 22. Raa1 b5 23. Rd2 Rd7 24. Rad1 Rcd8 25. h4 Qa6 26. f4 Qa4 27. Bxd5 Rxd5 28. Kg2 Ra8 29. Ra1 Be7 30. Rad1 a5 31. Rb1 axb4 32. axb4 Qa3 33. Rc2 Qxc3 34. Rxc3 Ra4 0-1